People by Picture: Nazis (WW2) - Statistics

General Stats
  • This quiz has been taken 157 times
  • The average score is 9 of 20
Answer Stats
Picture Answer % Correct
Adolf Hitler
99%
Joseph Goebbels
92%
Heinrich Himmler
88%
Hermann Göring
86%
Rudolph Hess
70%
Albert Speer
61%
Adolf Eichmann
58%
Reinhard Heydrich
57%
Karl Dönitz
47%
Martin Bormann
43%
Ernst Röhm
37%
Joachim von Ribbentrop
33%
Wilhelm Keitel
32%
Alfred Jodl
20%
Hans Frank
20%
Julius Streicher
19%
Baldur von Schirach
11%
Robert Ley
8%
Walther Funk
5%
Karl Wolff
4%
No matching quizzes found
Score Distribution
Percent of People with Each Score
Percentile by Number Answered
Your Score History
You have not taken this quiz